| 000 | 00518nam a2200181 4500 | ||
|---|---|---|---|
| 001 | 115973 | ||
| 003 | ES-MaACL | ||
| 005 | 20231228063226.0 | ||
| 007 | t| | ||
| 008 | 061121s1970 sp r ||||1| spa d | ||
| 100 | 1 |
_aPanero, Leopoldo María, _d1948-2014 _988768 |
|
| 245 | 1 | 0 |
_aAsí se fundó Carnabu Street / _cLeopoldo María Panero. |
| 250 | _a[1ª ed.]. | ||
| 260 |
_aBarcelona : _bSinera, _c1970. |
||
| 300 |
_a83 p. ; _c18 cm. |
||
| 852 |
_aES-MaACL _jC-40462 _bR.73515 |
||
| 999 |
_c115973 _d115973 |
||